| 000 | 00612nam a2200217 a 4500 | ||
|---|---|---|---|
| 001 | BRCA_3806 | ||
| 005 | 20190320204431.0 | ||
| 008 | 221109s1868----gw-a######---#000-0#eng-# | ||
| 041 | _aeng | ||
| 044 | _agw | ||
| 050 | 4 |
_aF1215 _b.A72 1868 |
|
| 100 | 1 |
_aArmin, Th. _99918 |
|
| 245 | 1 | 0 |
_aDas heutige Mexiko _bLand und Volk unter Spaniens Herschaft... _cvon Th Armin. |
| 260 |
_aLeipzig _bOtto Spamer _c1868 |
||
| 300 |
_axiii, 484 p. _bil. , 7 láminas _c21 cm. |
||
| 500 | _aB167 | ||
| 650 | 1 | 4 |
_aViajeros alemanes. _97026 |
| 651 | 4 |
_aMéxico _vDescripción y viajes. _99919 |
|
| 902 | _aGFM | ||
| 942 |
_2lcc _cB |
||
| 999 |
_c3535 _d3535 |
||